000 00746nam a2200217Ii 4500
003 JO-AjNU
008 230605s9999||||xx |||||||||||||| ||und||
017 _a19/3730
020 _a9960-807-12-6
040 _aJO-AjNU
_bara
_erda
_cJO-AjNU
041 _aara
050 1 4 _aHF5681 1999
100 3 _aالهيئة السعودية للمحاسبين القانونيين,
_eauthor
_945706
245 0 0 _aمعايير المحاسبة المالية
264 3 1 _aالرياض : الهيئة السعودية للمحاسبين القانونيين، 1999
300 _a870ص
336 _atext
_btxt
_2rdacontent
337 _aunmediated
_bn
_2rdamedia
338 _avolume
_bnc
_2rdacarrier
650 4 _aالمحاسبة المالية
_945707
999 _aA19832
_c23400
_d23400